LLJ's labour law journal digest 2011-2012 : (Record no. 94060)

MARC details
000 -LEADER
fixed length control field 00632nam a22001817a 4500
005 - DATE AND TIME OF LATEST TRANSACTION
control field 20150728142619.0
010 ## - LCCN (DPL NO)
LC control number ENG-113180
020 ## - INTERNATIONAL STANDARD BOOK NUMBER
Terms of availability 995.00
International Standard Book Number 9788180388248
035 ## - SYSTEM CONTROL NUMBER
System control number EN-96712
037 ## - SOURCE OF ACQUISITION
Source of stock number/acquisition DBAD/PUB
082 ## - DEWEY DECIMAL CLASSIFICATION NUMBER
Classification number 344.540102638
245 ## - TITLE STATEMENT
Title LLJ's labour law journal digest 2011-2012 :
Statement of responsibility, etc edited by R. Venkataraman...[et al]
Remainder of title with equivalent citations /
260 ## - PUBLICATION, DISTRIBUTION, ETC. (IMPRINT)
Name of publisher, distributor, etc LexisNexis
Date of publication, distribution, etc 2012
Place of publication, distribution, etc Gurgaon
270 ## - ADDRESS
City Gurgaon
Postal code 122002
Address 14th Floor, Building NO.10, Tower-B, DLF Cyber City, Phase-II,
300 ## - PHYSICAL DESCRIPTION
Extent lxxx,864p.
Dimensions 25cm(Hb)
700 ## - ADDED ENTRY--PERSONAL NAME
Personal name Venkataraman, R.
942 ## - ADDED ENTRY ELEMENTS (KOHA)
Source of classification or shelving scheme Dewey Decimal Classification
Item type English Books
Call number suffix LLJ
Classification part 344.540102638
Holdings
Withdrawn status Lost status Not for loan Collection code Home library Current library Date acquired Source of acquisition Cost, normal purchase price Full call number Barcode Copy number Cost, replacement price Koha item type
    Not For Loan Non-fiction D.B.Act.Division D.B.Act.Division 03/06/2015 DBAD/PUB 995.00 344.540102638 LLJ EN-96712 1 995.00 English Books

© Delhi Public Library
Hit Counter
free hit counter